| 000 | 00552nam a2200217Ia 4500 | ||
|---|---|---|---|
| 003 | OSt | ||
| 005 | 20140313133316.0 | ||
| 008 | 140130s9999 xx 000 0 und d | ||
| 020 | _a9780590488815 | ||
| 050 |
_aPZ 7 _b.H83273Au 1991 |
||
| 100 | _aHoward, Elizabeth Fitzgerald | ||
| 245 |
_aAunt Flossie's Hats / _cElizabeth Fitzgerald Howard. |
||
| 260 |
_bScholastic, _c1991. _anew York : |
||
| 300 |
_a31 p. : _bcol. ill. ; _c28 cm. |
||
| 440 | _v1 | ||
| 521 | _aG2 | ||
| 526 | _c400 | ||
| 942 |
_cBK _2lcc |
||
| 999 |
_c40227 _d40227 |
||